| 000 | 00976nam a2200325 i 4500 | ||
|---|---|---|---|
| 001 | 200463188 | ||
| 003 | TR-AnTOB | ||
| 005 | 20241213105447.0 | ||
| 007 | ta | ||
| 008 | 241213t20242024tu 000 p tur d | ||
| 020 | _a9952580433 | ||
| 020 | _a9789952580433 | ||
| 040 |
_aTR-AnTOB _beng _erda _cTR-AnTOB |
||
| 041 | 1 |
_atur _baze |
|
| 050 | 1 | 4 |
_aPL314.S3234 _bB4619 2024 |
| 090 |
_aPL314.S3234 _bB4619 2024 |
||
| 100 | 1 |
_aSamedogly, Vagif, _d1939-2015 _9125698 _eauthor |
|
| 245 | 1 |
_aBen buradayım tanrım / _cVakıf Samedoğlu. |
|
| 250 | _a1. basım. | ||
| 264 | 1 |
_a[Place of publications not identified] ; _bTürk kültür ve miras vakfı, _c2024. |
|
| 264 | 4 | _c©2024 | |
| 300 |
_a190 pages ; _b19 cm |
||
| 336 |
_atext _btxt _2rdacontent |
||
| 337 |
_aunmediated _bn _2rdamedia |
||
| 338 |
_avolume _bnc _2rdacarrier |
||
| 650 | 7 |
_aAzeri şiiri _2etuturkob _910581 |
|
| 700 | 1 |
_aAcaloğlu, Arif _9142830 _eauthor |
|
| 942 |
_2lcc _cBK |
||
| 999 |
_c200463188 _d81400 |
||